La venganza de la tierra: por qué la tierra está rebelándose y cómo podemos todavía salvar a la humanidad
Uloženo v:
| Hlavní autor: | |
|---|---|
| Médium: | Kniha |
| Jazyk: | španělština |
| Vydáno: |
Barcelona
Planeta
2007
|
| Vydání: | 1a. ed |
| Témata: | |
| Tagy: |
Přidat tag
Žádné tagy, Buďte první, kdo vytvoří štítek k tomuto záznamu!
|
MARC
| LEADER | 00000nam a2200000 a 4500 | ||
|---|---|---|---|
| 001 | UCH4467 | ||
| 003 | CL-VaPUC | ||
| 008 | 090820e20070000SP |||||||||||||||||spa|d | ||
| 020 | |a 9788408070283 | ||
| 082 | 0 | 4 | |a 337.7 |b LOV |2 21 |
| 100 | |a Lovelock, James E. |e autor |9 532050 | ||
| 245 | 1 | 3 | |a La venganza de la tierra: por qué la tierra está rebelándose y cómo podemos todavía salvar a la humanidad |
| 250 | |a 1a. ed | ||
| 300 | |a 249 p | ||
| 942 | |c BK | ||
| 945 | |d 20090820 00:00:00 |a rbrito | ||
| 260 | |a Barcelona |b Planeta |c 2007 | ||
| 650 | 7 | |a TEORIA DE GAIA |2 CL-VaPUC |9 539993 | |
| 650 | 7 | |a GAIA |2 CL-VaPUC |9 539994 | |
| 650 | 0 | |a Calentamiento global |9 262148 | |
| 650 | 0 | |a Cambio climático |9 428490 | |
| 650 | 0 | |a Climatología |9 262302 | |
| 650 | 0 | |a Ecología |9 258124 | |
| 583 | |a last modification |c 20090820 00:00:00 |k Rodrigo Vera | ||
| 999 | |c 335780 |d 335778 | ||
| 952 | |0 0 |1 0 |4 0 |6 337_700000000000000_LOV_2007 |7 0 |8 A |9 426495 |a BIBAGR |b BIBAGR |d 2019-11-22 |i 4590252 |o 337.7 LOV 2007 |p 4590252 |r 2025-01-20 |w 2019-11-22 |y BK |k AGR | ||